| 000 | 01120nam a2200205Ia 4500 | ||
|---|---|---|---|
| 003 | Ost | ||
| 005 | 20260507074908.0 | ||
| 008 | 260507s9999||||xx |||||||||||||| ||und|| | ||
| 040 | _cfsecg | ||
| 041 | _aara | ||
| 082 | _a657 | ||
| 100 |
_aالعناتي، رضوان محمد _eمؤلف |
||
| 245 | 0 |
_aالمحاسبة المالية المتوسطة / _c رضوان محمد العناتي |
|
| 260 |
_aعمان: _bدار تسنيم للنشر والتوزيع, _c2006 |
||
| 300 |
_a270 صفحة؛ _bإيضاحات ؛ _c25 سم |
||
| 504 | _aببليوغرافيا: ص.269؛ ملاحق ص.259 | ||
| 520 | _aالأخطاء المحاسبية ومعالجتها، جرد الحسابات الوهمية، جرد الأصول المتداولة، جرد الأصول الثابتة، الإلتزامات قصيرة الأجل، قائمة التدفقات النقدية، الإعتراف بالإيرادات، أثر التسويات الجردية على القوائم المالية، القيمة الزمنية للنقود | ||
| 653 | _aالمحاسبة -المالية العامة | ||
| 942 | _cكتاب | ||
| 999 |
_c41718 _d41718 |
||